000
00213nam a2200097Ia 4500
008
240331s9999 xx 000 0 und d
082
_b
Tha
100
_a
Thangeswary, K
245
0
_a
Kulakoddan tharisanam
942
_c
L
999
_c
3702
_d
3702